Responses for Show #6646 - Monday, July 8, 2013

Ben Ingram game 6.

Contestants

[<< previous game]

Donna Hesson, a public-health informationist from Ellicott City, Maryland

Jonathan Couser, a medieval historian from Lee, New Hampshire

Ben Ingram, an IT consultant originally from Florence, South Carolina (whose 5-day cash winnings total $115,632)

[next game >>]

Jeopardy! Round responses

"UP" WORDS
(Alex: Those two letters at the beginning of each correct response.)
COLLEGE FOOTBALL HALL OF FAMERS' SCHOOLS
LANDS NAMED AFTER PEOPLE
THE ARTS
DOD ABCS
(Alex: Department of Defense.)
RANDOM HOUSE DEFINES IT AS...
    $200 17
uphold it

Jonathan
    $200 12
Notre Dame

Ben
    $200 6
(Jonathan: What...um...what is...uh...[*]?)
...
(Alex: You took much too long there, Jonathan. Sorry, you ran out of time.)

Colombia

BenJonathan
    $200 8
Jackson Pollock

Jonathan
    $200 24
anti-aircraft

Ben
    $200 20
choke

Ben
    $400 18
uppercut

Triple Stumper
    $400 13
(University of) Southern California

Ben
    $400 7
Bolivia

Jonathan
    $400 9
marble

Jonathan
    $400 25
debrief

Ben
    $400 21
roadie

Jonathan
    $600 19
upstairs

Ben
    $600 14
(Donna: What is Georgia?)

the Ohio State University

Donna
Triple Stumper
    $600 1
Liechtenstein

Ben
    $600 10
raga

Jonathan
    $600 26
(Jonathan: What is Supreme Army Commander?)
...
(Alex: We're referring to NATO.)

Supreme Allied Commander

BenJonathan
    $600 4
secession

Ben
    $800 29
upbraid

Ben
    $800 15
University of Texas

Triple Stumper
    $800 2
Mauritius

Ben
    $800 11
Performances

Ben
    $800 27
executive officer

Ben
    $2,000 5
Pyrrhic victory

Ben
    $1000 30
(Jonathan: What is an upstroke?)

upbow

Jonathan
Triple Stumper
    $1000 16
University of Nebraska

Triple Stumper
    $1000 3
...
(Alex: Juan Bermúdez, yes.)

Bermuda

Ben
    $1000 23
(Franz) Schubert

Ben
    $1000 28
light armored vehicles

Jonathan
    $1000 22
(Jonathan: What is navy?)
...
(Alex: Two words, remember...[*].)

olive drab

Jonathan
Triple Stumper

Scores at the first commercial break (after clue 16):

Ben Jonathan Donna
$6,600 $1,400 -$600

Scores at the end of the Jeopardy! Round:

Ben Jonathan Donna
$11,200 $400 -$600

Double Jeopardy! Round responses

LITERARY FLORIDA
TEACH YOUR CHILDREN
POISONOUS PLANTS
ROCK & ROLL CALL
DUKE, DUKE
GOOSE!
    $400 1
Key West

Ben
    $400 6
spiral

Jonathan
    $400 11
hemlock

Ben
    $400 13
ZZ Top

Donna
    $400 21
Normandy

Ben
    $400 27
[The end-of-round signal sounds.]

the gander

Ben
    $800 10
Strip Tease

Donna
    $800 8
baiting (a hook)

Ben
    $800 16
mistletoe

Ben
    $800 14
(Jonathan: What are The Deaf Cats?)

Def Leppard

Jonathan
Triple Stumper
    $800 22
(Donna: What is Hapsburg?)

archduke

JonathanDonna
    $1200 12
the Everglades

Jonathan
    $1200 4
whittling

Triple Stumper
    $1200 7
rhubarb

Ben
    $1200 15
Soundgarden

Triple Stumper
    $1200 2
Wellington

Ben
    $1600 17
(Stephen) Crane

Ben
    $1600 5
(Alex: Good. And you're on the plus side with $1,000, and you've just moved into second place!)
(Donna: Oh, my goodness.)
(Alex: Yeah! Keep it going!)

Windsor

Donna
    $1600 19
castor

Ben
    $1600 24
(Jonathan: What is Blink 182?)

Fall Out Boy

Jonathan
Triple Stumper
    $100 3
Richard III

Ben
    $2000 18
Travis McGee

Triple Stumper
    $2000 9
(Alex: It's what that person was doing--[*]ing, [*].)

sweep

Triple Stumper
    $100 20
(Alex: You have a humongous lead, and I'm eagerly awaiting your wager.)
(Ben: $100.)
[Laughter]
...
(Ben: What are purple fingers?)

foxglove

Ben
    $2000 25
Cheap Trick

Triple Stumper
    $2000 23
(Alex: With less than a minute to go.)

Milan

Jonathan
    $2000 26
the "Spruce Goose"

Ben

Scores at the end of the Double Jeopardy! Round:

Ben Jonathan Donna
$22,000 $2,400 $1,400
(lock game)

[wagering suggestions for these scores]

Final Jeopardy! Round responses

AFRICAN-AMERICAN FIRSTS
(Alex: [To Ben] Another $100? I've had you up to here, Ben. You know what I'm saying? $22,100. And congratulations now on a six-day total of $137,732. Wow.)
DonnaWhat is the DAR
$1,000
JonathanWhat is the Daughters of the American Revolution
$600
BenWhat is the DAR?
$100
the Daughters of the American Revolution (DAR)

Final scores:

Ben Jonathan Donna
$22,100 $3,000 $2,400
6-day champion: $137,732 2nd place: $2,000 3rd place: $1,000

Game dynamics:

Coryat scores:

Ben Jonathan Donna
$22,400 $2,400 $1,400
29 R
(including 2 DDs),
1 W
(including 1 DD)
11 R,
6 W
3 R,
2 W

Combined Coryat: $26,200

[game clues] [game scores] [suggest correction]

Game tape date: 2013-03-28
The J! Archive is created by fans, for fans. Scraping, republication, monetization, and malicious use prohibited; this site may use cookies and collect identifying information. See terms. The Jeopardy! game show and all elements thereof, including but not limited to copyright and trademark thereto, are the property of Jeopardy Productions, Inc. and are protected under law. This website is not affiliated with, sponsored by, or operated by Jeopardy Productions, Inc. Join the discussion at JBoard.tv.